Statistiques concernant Focus sur: Húrin - Tolkien

Cliquez ici pour prendre le quiz!

Statistiques générales

  • Ce quiz a été pris 8 fois
  • Le résultat moyen est 8 sur 17

Statistiques - réponses

Informations recherchéesRéponses% Correct
Couleur des cheveuxBlond/Blanc
100%
EspèceHomme
100%
Ages durant lequel il vécutPremier
100%
Première apparitionLe Silmarillion
88%
Professions et titresHéritier de la maison de Hador et de
Dor-lómin/Guerrier
75%
Maison (lignée)Maison de Hador
63%
Royaumes et contréesRoyaume Caché
63%
CitéGondolin
50%
FilsTúri
50%
Dor-lómin (Hithlum)
25%
FrèreHuor
25%
FillesNienor
25%
Autre nomThalion
25%
MèreThalion
25%
EpouseMorwen
13%
PèreGaldor
0%
Lalaith
0%

Distribution des résultats

Percentile par nombre de réponses

% des personnes avec chaque résultat

Votre développement - résultats

Vous n’avez pas pris ce quiz